000 00567nam a22001817a 4500
005 20251108164053.0
008 250721s1999 xx 000 0 ara d
082 1 4 _a860/غوي
100 1 _aغويتيسولو، خوان
245 1 0 _aعلى وتيرة النوراس :
_bمنتجات سردية /
264 1 _aالدار البيضاء :
_bدار توبقال،
_c1999.
300 _a203ص
650 1 7 _aالأدب الإسباني
650 1 7 _aالقصص الإسبانية
700 1 _aجهاد، كاظم
_eترجمة
942 _2ddc
_cBK
999 _c2866
_d2866